| 000 | 00786nam a2200229Ii 4500 | ||
|---|---|---|---|
| 003 | JO-AjNU | ||
| 008 | 230605s9999||||xx |||||||||||||| ||und|| | ||
| 017 | _a2021/10/6107 | ||
| 020 | _a978-9957-35-525-8 | ||
| 040 |
_aJO-AjNU _bara _erda _cJO-AjNU |
||
| 041 | _aara | ||
| 050 | 1 | 4 | _aD13 2022 |
| 100 | 3 |
_aالجابري، سلام علي مزعل, _eauthor _962739 |
|
| 245 | 0 | 0 | _aدراسات في التاريخ البويهي |
| 250 | _aط1 | ||
| 264 | 3 | 1 | _aعمان: مركز الكتاب الاكاديمي، 2022 |
| 300 | _a203ص | ||
| 336 |
_atext _btxt _2rdacontent |
||
| 337 |
_aunmediated _bn _2rdamedia |
||
| 338 |
_avolume _bnc _2rdacarrier |
||
| 650 | 4 |
_aالاحداث التاريخية-الدولة البويهية 1055-932-التاريخ الاسلامي _962740 |
|
| 999 |
_aA28424 _c31992 _d31992 |
||